Southville International School and Colleges
Your cart is empty.
  • Cart
  • Lists
    Public lists Eva Luna New books Lux_list list_1
    Your lists Log in to create your own lists
  • Log in to your account
  • Your cookies
  • Search history
Southville International School and Colleges
  • Advanced search
  • Recent comments
  • Most popular
  • Libraries

Log in to your account

Log in with GOOGLE


If you do not have an external account, but do have a local account, you can still log in:

  1. Home
  2. MARC view: Learn to draw cats :
Normal view MARC view ISBD view

Learn to draw cats : (Record no. 10470)

[ view plain ]
MARC details
000 -LEADER
fixed length control field 00559nam a22001937a 4500
003 - CONTROL NUMBER IDENTIFIER
control field SISC
005 - DATE AND TIME OF LATEST TRANSACTION
control field 20160317152240.0
008 - FIXED-LENGTH DATA ELEMENTS--GENERAL INFORMATION
fixed length control field 130906t xxu||||| |||| 00| 0 eng d
020 ## - INTERNATIONAL STANDARD BOOK NUMBER
International Standard Book Number 0004126696
050 ## - LIBRARY OF CONGRESS CALL NUMBER
Classification number NC 783.8
Item number .B469 1995
082 ## - DEWEY DECIMAL CLASSIFICATION NUMBER
Classification number HS 741.2
Item number B439 1993
100 ## - MAIN ENTRY--PERSONAL NAME
Personal name Bennett, Darren
9 (RLIN) 16695
245 ## - TITLE STATEMENT
Title Learn to draw cats :
Remainder of title a step-by-step guide to drawing success /
Statement of responsibility, etc Darren Bennett
260 ## - PUBLICATION, DISTRIBUTION, ETC. (IMPRINT)
Place of publication, distribution, etc London :
Name of publisher, distributor, etc Harper Collins,
Date of publication, distribution, etc c1995.
300 ## - PHYSICAL DESCRIPTION
Extent 63 p. :
Other physical details ill. ;
Dimensions 28 cm.
650 ## - SUBJECT ADDED ENTRY--TOPICAL TERM
Topical term or geographic name as entry element Cats
9 (RLIN) 16696
942 ## - ADDED ENTRY ELEMENTS (KOHA)
Source of classification or shelving scheme Library of Congress Classification
Koha item type Books
Holdings
Withdrawn status Lost status Source of classification or shelving scheme Damaged status Home library Current library Shelving location Date acquired Total Checkouts Total Renewals Full call number Barcode Date last seen Date checked out Copy number Price effective from Koha item type
    Library of Congress Classification   Luxembourg Library Luxembourg Library High School Section 09/06/2013 1 3 NC 783.8 .B469 1995 4494 06/20/2017 05/24/2017 1 09/06/2013 Books

Learn to draw cats :

APA

Bennett D., . (1995). Learn to draw cats. London: Harper Collins.

Chicago

Bennett Darren, . 1995. Learn to draw cats. London: Harper Collins.

Harvard

Bennett D., . (1995). Learn to draw cats. London: Harper Collins.

MLA

Bennett Darren, . Learn to draw cats. London: Harper Collins. 1995.

  • Place hold
  • Print
  • Cite
  • Add to your cart (remove)
  • Save record
    BIBTEX Dublin Core MARCXML MARC (non-Unicode/MARC-8) MARC (Unicode/UTF-8) MARC (Unicode/UTF-8, Standard) MODS (XML) RIS
  • More searches
    Search for this title in:
    Other Libraries (WorldCat) Other Databases (Google Scholar) Online Stores (Bookfinder.com) Open Library (openlibrary.org)

Exporting to Dublin Core...

SOUTHVILLE LIBRARY

Southville International School and Colleges Library

1281 Tropical Ave. Cor. Luxembourg St., BF Homes International, Las Pinas City

Tel. No. 8256374 / 252358 Loc. 117/146

Powered by Koha